Les détroits du monde - Statistiques

Statistiques générales
  • Ce quiz a été pris 115 fois
  • Le résultat moyen est 5 sur 17
Answers on the Grid
Answers color-coded by a green-red scale on the quiz's grid according to % correct below.
des Dardanelles
de l'Adriatique
de Cebu
Indien
de Gibraltar
d'Ormuz
de la Garonne
de Smith
de l'Atlantique
Rouge
Bosphore
de Corée
de l'Égée
de la Pérouse
de Lancaster
de Danemark
des Caraïbes
de la Manche
de Torres
de Panama
de Malacca
de Clarence
de la Loire
de Taïwan
de Suez
de Floride
de l'Aisne
d'Hudson
de Lombok
du Rhône
 
Statistiques - réponses
Réponse % Correct
de Gibraltar
70%
d'Ormuz
58%
de Malacca
57%
Bosphore
51%
des Dardanelles
45%
de la Pérouse
22%
de Taïwan
21%
de Torres
21%
de Corée
16%
de Lancaster
16%
de Danemark
15%
de Floride
13%
de Lombok
13%
d'Hudson
13%
de Cebu
12%
de Smith
9%
de Clarence
7%
Aucun quiz correspondant
Distribution des résultats
% des personnes avec chaque résultat
Percentile par nombre de réponses
Votre historique - résultats
Vous n’avez pas pris ce quiz